The legal environment of business : (Record no. 4685)

MARC details
000 -LEADER
fixed length control field 00983cam a2200241 a 4500
020 ## - INTERNATIONAL STANDARD BOOK NUMBER
ISBN 0070699976
020 ## - INTERNATIONAL STANDARD BOOK NUMBER
ISBN 9780070699977
050 00 - CALL NUMBER
Classification number KF1600
Item number .W47
100 1# - AUTHOR
Personal name Whitman, Douglas.
245 14 - TITLE
Title The legal environment of business :
Remainder of title regulatory law and contracts /
Statement of responsibility, etc Douglas Whitman, John William Gergacz, Murray Levin.
260 ## - PUBLICATION INFORMATION
Place of publication New York :
Name of publisher McGraw-Hill,
Year of publication c1992.
300 ## - DESCRIPTION
Number of Pages xxix, 747 p. :
Other physical details ill. ;
Dimensions 25 cm.
500 ## - NOTES
General note Includes Index.
505 ## - FORMATTED CONTENTS NOTE
Table of Content Introduction to law business<br/>The American Legal System<br/>The common Law Foundation: Torts and contracts<br/>Legal Aspect of the firm and the regulation of its power<br/>Regulation of business activity<br/>International regulation of business activity
650 #0 - SUBJECTS
Topical Term Trade regulation
650 #0 - SUBJECTS
Topical Term Contracts
650 #0 - SUBJECTS
Topical Term Commercial law
650 #0 - SUBJECTS
Topical Term Industrial laws and legislation
650 #0 - SUBJECTS
Topical Term Business enterprises
General subdivision Law and legislation
700 1# - OTHER AUTHORS
Personal name Gergacz, John William.
700 1# - OTHER AUTHORS
Personal name Levin, Murray.
942 ## - ADDED ENTRY ELEMENTS (KOHA)
Koha item type Books
Holdings
Withdrawn status Lost status Collection code Home library Current library Shelving location Date acquired Full call number Accession Number Koha item type
    Reference Methodist University Law Library Methodist University Law Library General Stacks   KF1600 .W47 25176 Books
    Reference Methodist University Law Library Methodist University Law Library General Stacks   KF1600 .W47 25175 Books
Copyright © 2026  MUG Library